Österreichische Osthefte (Record no. 5507)

MARC details
000 -LEADER
fixed length control field 00822nas a22002057i 4500
001 - CONTROL NUMBER
control field 5769
003 - CONTROL NUMBER IDENTIFIER
control field OSt
005 - DATE AND TIME OF LATEST TRANSACTION
control field 20170126082349.0
007 - PHYSICAL DESCRIPTION FIXED FIELD--GENERAL INFORMATION
fixed length control field tu
008 - FIXED-LENGTH DATA ELEMENTS--GENERAL INFORMATION
fixed length control field 161220s xxu||||| |||| 00| 0 d
022 ## - INTERNATIONAL STANDARD SERIAL NUMBER
International Standard Serial Number 0029-9375
024 7# - OTHER STANDARD IDENTIFIER
Standard number or code 5769
Source of number or code RID
024 7# - OTHER STANDARD IDENTIFIER
Standard number or code 5769
Source of number or code RSN (alt)
040 ## - CATALOGING SOURCE
Transcribing agency OSt
110 2# - MAIN ENTRY--CORPORATE NAME
Corporate name or jurisdiction name as entry element Österreichisches Ost- und Südosteuropa-Institut
245 00 - TITLE STATEMENT
Title Österreichische Osthefte
Remainder of title Zeitschrift für Ost-, Mittel- und Südosteuropaforschung
260 ## - PUBLICATION, DISTRIBUTION, ETC.
Place of publication, distribution, etc. Wien :
Name of publisher, distributor, etc. Peter Lang - Europäischer Verlag der Wissenschaften.
866 #0 - TEXTUAL HOLDINGS--BASIC BIBLIOGRAPHIC UNIT
-- 1990 32/1 - 1996 38/2, 1998 40/1 - 2003 45/4 (unvollständig),2005 47/1-4 (Ländersonderband Serbien und Montenegro)
866 #0 - TEXTUAL HOLDINGS--BASIC BIBLIOGRAPHIC UNIT
-- Bestände unvollständig<br><br>vorhanden:<br>1990 32/1 - 1996 38/2<br>1998 40/1 - 2003 45/4<br><br>fehlende Bestände:<br>1996 38/3-4<br>1997 39/1-4
942 ## - ADDED ENTRY ELEMENTS (KOHA)
Koha item type Journal
Holdings
Withdrawn status Lost status Damaged status Not for loan Home library Current library Shelving location Date acquired Inventory number Total Checkouts Barcode Date last seen Price effective from Koha item type
        WIIW WIIW Library 08/04/2004 5769   10001020 01/26/2017 01/26/2017 Journal
The Vienna Instiute for International Economic Studies (wiiw)